| 000 | 00964nam a22002177a 4500 | ||
|---|---|---|---|
| 003 | OSt | ||
| 005 | 20260218135218.0 | ||
| 008 | 260218b |||||||| |||| 00| 0 eng d | ||
| 040 | _c0 | ||
| 082 | _aDPer 796.07 J826 January-October 2023 v. 42 n. 1-4 | ||
| 100 |
_aIserbyt, Peter. _eauthor. _969624 |
||
| 245 |
_aThe Effect of a Coaching Clinic on Student-Coaches' Behavior During a Basketball Sport Education Season With Preservice Teachers _cPeter Iserbyt, Toon Dehandschutter, Hilde Leysen, and Hans van der Mars |
||
| 260 |
_aChampaign, IL ; _bHuman Kinetics, Inc. , _cJuly 2023. |
||
| 300 |
_aVolume 42, pages 563- 572 : _billustration ; _c29 cm. |
||
| 500 | _aJournal of Teaching in Physical Education, vol. 42 no. 3, pages 525-534, July 2023. | ||
| 700 |
_aIserbyt, Peter. _eauthor. _969624 |
||
| 700 |
_aDehandschutter, Toon _eauthor. _969799 |
||
| 700 |
_aLeysen, Hilde _eauthor. _969800 |
||
| 700 |
_aMars, Hans van der. _eauthor. _959756 |
||
| 942 |
_2ddc _cPER |
||
| 999 |
_c24347 _d24347 |
||